| 000 | 01039cam a2200241 a 4500 | ||
|---|---|---|---|
| 001 | 15620706 | ||
| 005 | 20100302174754.0 | ||
| 008 | 090211s2009 enka b 001 0 eng | ||
| 020 | _a9780199562954 | ||
| 040 |
_aDLC _cDLC _dDLC |
||
| 082 | 0 | 0 |
_a320 _222 _bOXF |
| 245 | 0 | 4 |
_aThe Oxford Handbook of Political Science / _cedited by Robert E. Goodin. |
| 246 | 3 | 0 | _aHandbook of political science |
| 260 |
_aOxford ; _aNew York : _bOxford University Press, _c2009. |
||
| 300 |
_axvii, 1291 p. _bill. ; _c25 cm. |
||
| 504 | _aIncludes bibliographical references and indexes. | ||
| 650 | 0 |
_aPolitical science _vHandbooks, manuals, etc. _928808 |
|
| 653 |
_bPol _cFebruary2012 |
||
| 700 | 1 |
_aGoodin, Robert E. _928809 |
|
| 942 |
_2ddc _cBB |
||
| 999 |
_c16441 _d16441 |
||